Economics for Management (Record no. 1381)

MARC details
000 -LEADER
fixed length control field 00406nam a22001697a 4500
005 - DATE AND TIME OF LATEST TRANSACTION
control field 20180223160425.0
008 - FIXED-LENGTH DATA ELEMENTS--GENERAL INFORMATION
fixed length control field 160523b xxu||||| |||| 00| 0 eng d
020 ## - INTERNATIONAL STANDARD BOOK NUMBER
ISBN 81-8318-066-3
041 ## - LANGUAGE CODE
Language code of text/sound track or separate title eng
082 ## - DEWEY DECIMAL CLASSIFICATION NUMBER
Item number 4120
Classification number 330
100 ## - MAIN ENTRY--AUTHOR NAME
Personal name Mishra - Puri
245 ## - TITLE STATEMENT
Title Economics for Management
260 ## - PUBLICATION, DISTRIBUTION, ETC. (IMPRINT)
Place of publication New Delhi
Name of publisher Academic Faundation
300 ## - PHYSICAL DESCRIPTION
Number of Pages 522
650 ## - SUBJECT ADDED ENTRY--TOPICAL TERM
Topical Term Management
942 ## - ADDED ENTRY ELEMENTS (KOHA)
Koha item type Books
Holdings
Lost status Damaged status Collection code Home library Current library Shelving location Date acquired Cost, normal purchase price Full call number Accession Number Koha item type
    MANAGEMENT JRU Library JRU Library SHELF-58-F 23/05/2016 290.00 330 4120 Books
    MANAGEMENT JRU Library JRU Library SHELF-58-F 23/05/2016 290.00 330 4121 Books
    MANAGEMENT JRU Library JRU Library SHELF-58-F 23/05/2016 290.00 330 4122 Books
      JRU Library   SHELF-28-B 23/05/2016 290.00 330 4123 Books